00922nam a22001937a 4500003000900000008004100009040007100050082001900121100002000140245007300160260005700233300003500290440002500325505030600350650001600656650002200672650001100694700002300705AR-CdUCM190415b ||||| |||| 00| 0 spa d aMUNICIPALIDAD PROVINCIAL DEL CUSCOcBIBLIOTECA MUNICIPAL DEL CUSCO a301.985 /bD63 aDeustua, José aIntelectuales, indigenismo y descentralismo en el Perú 1897-1931 / aCusco :bC.E.R.A. "Bartolomé de Las Casas",c1984. a132 páginas ;bMapa,c23 cm. aDebates andinos ;n4 aContenido: Expansión cultural e intelectualidad regional: Perú 1900-1930 -- El centro científico del Cusco, 1897-1907: expresión de una intelectualidad regional -- Indigenistas y movimientos campesinos en el Cusco, 1918-1923 -- Los descentralistas arequipeños y la crisis política de 1931. aIndigenismo aAspectos sociales aPerú aRenique, Jose Luis